| 000 | 00717nam a2200181Ia 4500 | ||
|---|---|---|---|
| 008 | 100920s9999 xx 000 0 und d | ||
| 082 |
_b92988 _a51 न 05 |
||
| 100 | _aएक मित्र. | ||
| 245 | _aश्री .ना. पेंडसे माणूस आणि लेखक. | ||
| 260 |
_bपरचुरे प्रकाशन मंदिर,मुंबई. _c2005 |
||
| 300 |
_a552 _bसाधी |
||
| 365 | _b300 | ||
| 520 | _aचरित्र. | ||
| 630 | _aश्री .ना. पेंडसे माणूस आणि लेखक. | ||
| 650 | _aचरित्र. | ||
| 730 | _aश्री .ना. पेंडसे माणूस आणि लेखक. | ||
| 942 | _cBOOK | ||
| 999 |
_c733431 _d733428 |
||